Dopasuj imię do nazwiska - polscy lekkoatleci - Statystyki

Ogólne statystyki
  • Ten quiz został rozwiązany 50 razy
  • Średni wynik to 15 z 20
Statystyki odpowiedzi
Hint Odpowiedź % Poprawnych
Konrad Bukowiecki
94%
Robert Korzeniowski
87%
Adam Kszczot
84%
Tomasz Majewski
84%
Paweł Fajdek
81%
Patryk Dobek
77%
Piotr Małachowski
77%
Artur Partyka
77%
Wojciech Nowicki
74%
Szymon Ziółkowski
74%
Władysław Kozakiewicz
71%
Janusz Kusociński
71%
Marcin Lewandowski
71%
Jacek Wszoła
71%
Bronisław Malinowski
68%
Michał Haratyk
65%
Józef Szmidt
61%
Marian Woronin
61%
Tadeusz Ślusarski
55%
Zdzisław Krzyszkowiak
52%
Nie znaleziono quizów pasujących do podanych kryteriów
Rozkład punktacji
Procent ludzi z każdym wynikiem
Percentyl według liczby udzielonych odpowiedzi
Twoja historia wyników
Nie rozwiązałeś tego quizu